[Event "Lorca op 12th"]
[Site "Lorca"]
[Date "2023.12.30"]
[Round "8"]
[White "Basso, Pier Luigi"]
[Black "Mingarro Carceller, Sergi"]
[Result "1/2-1/2"]
[WhiteElo "2483"]
[BlackElo "2232"]
[PlyCount "89"]
[EventDate "2023.12.26"]
[EventType "swiss"]
[EventRounds "9"]
[EventCountry "ESP"]
[SourceTitle "CB01_2024"]
[SourceDate "2024.01.03"]
[SourceVersion "1"]
[SourceVersionDate "2024.01.03"]
[SourceQuality "1"]

1. d4 Nf6 2. c4 e6 3. Nf3 d5 4. Nc3 dxc4 5. e4 b5 6. Nxb5 Nxe4 7. Qa4 c6 8. Nc3 Nxc3 9. bxc3 Ba6 10. Bxc4 Bxc4 11. Qxc4 Bd6 12. 0-0 0-0 13. g3 Qc7 14. Ng5 Nd7 15. Ne4 c5 16. Qa6 Be7 17. Bf4 Qc8 18. Qb5 Rd8 19. Rac1 a6 20. Qa5 Qc6 21. Rfe1 Rdc8 22. Rb1 Qd5 23. Qa3 Nf6 24. f3 Bf8 25. Qb3 Qf5 26. Nxf6+ Qxf6 27. Kg2 cxd4 28. Be5 Qg5 29. f4 Qf5 30. Bxd4 Bd6 31. a4 Rab8 32. Qa2 h5 33. a5 Rxb1 34. Rxb1 Qe4+ 35. Kh3 Bxf4 36. Rf1 e5 37. Bxe5 Bxe5 38. Qxf7+ Kh8 39. Rf5 g6 40. Rg5 Bg7 41. Rxg6 Qe5 42. Re6 Qg5 43. Rg6 Qe5 44. Re6 Qg5 45. Rg6 1/2-1/2

[Event "Lorca op 12th"]
[Site "Lorca"]
[Date "2023.12.30"]
[Round "9"]
[White "Mingarro Carceller, Sergi"]
[Black "Maksimenko, Andrei"]
[Result "1-0"]
[WhiteElo "2232"]
[BlackElo "2423"]
[PlyCount "59"]
[EventDate "2023.12.26"]
[EventType "swiss"]
[EventRounds "9"]
[EventCountry "ESP"]
[SourceTitle "CB01_2024"]
[SourceDate "2024.01.03"]
[SourceVersion "1"]
[SourceVersionDate "2024.01.03"]
[SourceQuality "1"]

1. e4 c5 2. Nf3 e6 3. d4 cxd4 4. Nxd4 a6 5. Bd3 Bc5 6. Nb3 Ba7 7. Qe2 Nc6 8. Be3 d6 9. Nc3 Bxe3 10. Qxe3 Nf6 11. 0-0-0 0-0 12. f4 e5 13. f5 b5 14. Be2 b4 15. Na4 Rb8 16. g4 Ne8 17. g5 Bd7 18. h4 Nd4 19. Nxd4 exd4 20. Rxd4 Bxa4 21. h5 Bb5 22. Bd1 a5 23. e5 Qb6 24. h6 dxe5 25. hxg7 Bc6 26. gxf8Q+ Kxf8 27. Qxe5 Bxh1 28. Qh8+ Ke7 29. Bg4 Rb7 30. f6+ 1-0

[Event "Lorca op 12th"]
[Site "Lorca"]
[Date "2023.12.29"]
[Round "7"]
[White "Mingarro Carceller, Sergi"]
[Black "Fiorito, Joaquin"]
[Result "1/2-1/2"]
[WhiteElo "2232"]
[BlackElo "2410"]
[PlyCount "67"]
[EventDate "2023.12.26"]
[EventType "swiss"]
[EventRounds "9"]
[EventCountry "ESP"]
[SourceTitle "CB01_2024"]
[SourceDate "2024.01.03"]
[SourceVersion "1"]
[SourceVersionDate "2024.01.03"]
[SourceQuality "1"]

1. e4 c5 2. Nf3 d6 3. d4 cxd4 4. Nxd4 Nf6 5. Nc3 a6 6. f3 e5 7. Nb3 Be6 8. Be3 Be7 9. Qd2 h5 10. Nd5 Nxd5 11. exd5 Bf5 12. Be2 Bh4+ 13. g3 Be7 14. 0-0-0 Nd7 15. h3 Rc8 16. Bd3 Bxd3 17. Qxd3 h4 18. Rhg1 Nf6 19. f4 e4 20. Qe2 hxg3 21. Rxg3 g6 22. Bd4 Rh5 23. Bxf6 Bxf6 24. Qxe4+ Kf8 25. Nd4 Rc7 26. Rdg1 Bxd4 27. Qxd4 Rc5 28. Rg5 Rxh3 29. f5 Rh2 30. R5g2 Qh4 31. Qxh4 Rxh4 32. fxg6 Rxd5 33. gxf7 Rh7 34. Rf1 1/2-1/2

[Event "Lorca op 12th"]
[Site "Lorca"]
[Date "2023.12.29"]
[Round "6"]
[White "Mingarro Carceller, Sergi"]
[Black "Macak, Stefan"]
[Result "1-0"]
[WhiteElo "2232"]
[BlackElo "2354"]
[PlyCount "81"]
[EventDate "2023.12.26"]
[EventType "swiss"]
[EventRounds "9"]
[EventCountry "ESP"]
[SourceTitle "CB01_2024"]
[SourceDate "2024.01.03"]
[SourceVersion "1"]
[SourceVersionDate "2024.01.03"]
[SourceQuality "1"]

1. e4 c5 2. Nf3 d6 3. d4 cxd4 4. Nxd4 Nf6 5. Nc3 a6 6. f3 e5 7. Nb3 Be6 8. Be3 h5 9. Nd5 Bxd5 10. exd5 Nbd7 11. Qd2 g6 12. 0-0-0 Nb6 13. Qa5 Bh6 14. Bxh6 Rxh6 15. Qd2 Rh8 16. f4 exf4 17. Qxf4 Kf8 18. Bd3 Nbxd5 19. Qg5 Qb6 20. Rhf1 Kg7 21. Rf3 Rae8 22. Rdf1 Re5 23. Qh4 g5 24. Qd4 Qxd4 25. Nxd4 b5 26. Nf5+ Kf8 27. Nxd6 Re6 28. Nf5 Rb6 29. c3 g4 30. R3f2 h4 31. Bc2 a5 32. a4 bxa4 33. Bxa4 Ne7 34. Ne3 Rh6 35. Nxg4 Nxg4 36. Rxf7+ Kg8 37. Rxe7 Nxh2 38. Rff7 Rbf6 39. Rg7+ Kf8 40. Ra7 Ra6 41. Raf7# 1-0

[Event "Benidorm Bali op-A"]
[Site "Benidorm"]
[Date "2023.12.04"]
[Round "4"]
[White "Mingarro Carceller, Sergi"]
[Black "Britton, Richard"]
[Result "1-0"]
[WhiteElo "2232"]
[BlackElo "2108"]
[PlyCount "55"]
[EventDate "2023.12.01"]
[EventType "swiss"]
[EventRounds "9"]
[EventCountry "ESP"]
[SourceTitle "CB50_2023"]
[SourceDate "2023.12.13"]
[SourceVersion "1"]
[SourceVersionDate "2023.12.13"]
[SourceQuality "1"]

1. e4 c5 2. Nf3 d6 3. d4 cxd4 4. Nxd4 Nf6 5. Nc3 a6 6. f3 e5 7. Nb3 Be6 8. Be3 Nbd7 9. g4 Nb6 10. g5 Nfd7 11. h4 Be7 12. Qd2 Rc8 13. 0-0-0 Qc7 14. Kb1 f5 15. gxf6 Nxf6 16. h5 Kf7 17. f4 Nc4 18. Bxc4 Bxc4 19. Qg2 b5 20. fxe5 dxe5 21. Nd5 Bxd5 22. exd5 Rhd8 23. Rhg1 Bf8 24. Nc5 Bxc5 25. Qxg7+ Ke8 26. Qxf6 Bf8 27. Rdf1 Qd6 28. Qf7# 1-0

[Event "Benidorm Bali op-A"]
[Site "Benidorm"]
[Date "2023.12.03"]
[Round "3"]
[White "Grigoryan, Karen H"]
[Black "Mingarro Carceller, Sergi"]
[Result "1-0"]
[WhiteElo "2638"]
[BlackElo "2232"]
[PlyCount "111"]
[EventDate "2023.12.01"]
[EventType "swiss"]
[EventRounds "9"]
[EventCountry "ESP"]
[SourceTitle "CB50_2023"]
[SourceDate "2023.12.13"]
[SourceVersion "1"]
[SourceVersionDate "2023.12.13"]
[SourceQuality "1"]

1. e4 e6 2. d4 d5 3. e5 c5 4. c3 Nc6 5. Nf3 Bd7 6. a3 c4 7. g3 f6 8. Bf4 Qb6 9. Qc2 Nh6 10. Bxh6 gxh6 11. exf6 0-0-0 12. Nbd2 Bd6 13. Bg2 Rdf8 14. 0-0 Rxf6 15. b3 cxb3 16. Nxb3 Rhf8 17. Nbd2 e5 18. dxe5 Bxe5 19. Rab1 Qc5 20. Qb2 b6 21. Rbc1 Bd6 22. c4 Qxa3 23. Qxa3 Bxa3 24. cxd5 Bxc1 25. Rxc1 Kb7 26. Nc4 b5 27. dxc6+ Bxc6 28. Nce5 Bxf3 29. Nxf3 Kb6 30. Ne5 Rd8 31. Rb1 Rd4 32. f4 Rfd6 33. Bf1 R6d5 34. Nc4+ Ka6 35. Ne3 Rc5 36. f5 Kb6 37. f6 a6 38. Bg2 Rd8 39. Rf1 Rf8 40. Nd5+ Kc6 41. Nf4+ Kd6 42. Rd1+ Ke5 43. Nd3+ Kd4 44. Nxc5+ Kxc5 45. Rd5+ Kc4 46. Rd6 a5 47. Bf1+ Kc5 48. Ra6 b4 49. Rxa5+ Kd4 50. Rb5 Kc3 51. Rc5+ Kb2 52. Rf5 b3 53. Rf3 Kc2 54. Bd3+ Kd2 55. Bxh7 b2 56. f7 1-0

[Event "Benidorm op-A"]
[Site "Benidorm"]
[Date "2023.11.04"]
[Round "8"]
[White "Mingarro Carceller, Sergi"]
[Black "Castro Quijano, Eduardo"]
[Result "1-0"]
[WhiteElo "2253"]
[BlackElo "2127"]
[PlyCount "147"]
[EventDate "2023.10.29"]
[EventType "swiss"]
[EventRounds "9"]
[EventCountry "ESP"]
[SourceTitle "Mega2024 Update 01"]
[Source "Chessbase"]
[SourceDate "2023.11.12"]
[SourceVersion "1"]
[SourceVersionDate "2023.11.12"]
[SourceQuality "1"]

1. e4 e5 2. Nf3 Nf6 3. d4 Nxe4 4. Bd3 d5 5. Nxe5 Nd7 6. Nc3 Nxe5 7. dxe5 Bb4 8. 0-0 Bf5 9. Qf3 Bxc3 10. Qxf5 Bd4 11. Bxe4 dxe4 12. Qxe4 0-0 13. c3 Bb6 14. Be3 Bxe3 15. Qxe3 Re8 16. Rad1 Qe7 17. Rfe1 Qe6 18. a3 f6 19. exf6 Qxf6 20. Qxe8+ Rxe8 21. Rxe8+ Kf7 22. Rde1 Qf4 23. R1e3 Qa4 24. h3 Qb3 25. Re2 h6 26. Kh2 Qc4 27. R8e7+ Kg6 28. R2e4 Qb3 29. Rb4 Qc2 30. Rxc7 Qxf2 31. Rcxb7 h5 32. R7b5 Kh6 33. h4 Qf6 34. Rd4 Qf2 35. a4 Qe3 36. a5 a6 37. Rg5 Qf2 38. b4 g6 39. Rg3 Qf6 40. Rf3 Qe5+ 41. Rdf4 Qd6 42. Rf2 Qc7 43. c4 Qb8 44. c5 Qb5 45. g3 Qa4 46. Rc4 Qb5 47. Rfc2 Qc6 48. Rd4 Kh7 49. Rd6 Qe4 50. Rcd2 Qxb4 51. c6 Qc3 52. c7 Kh6 53. Rd7 Qc6 54. Rf7 Qc4 55. Re7 Qc5 56. Red7 Qc6 57. Kg1 Qc5+ 58. Kg2 Qc3 59. R2d3 Qe5 60. Rd2 Qc3 61. R2d5 Qe3 62. Kf1 Qc1+ 63. Ke2 Qc3 64. Kf2 Qc2+ 65. Ke3 Qc4 66. Kd2 Qb4+ 67. Kd3 Qb1+ 68. Kd4 Qb4+ 69. Ke5 Qc3+ 70. Kd6 Qxg3+ 71. Kc6 Qc3+ 72. Rc5 Qf3+ 73. Kb6 Qf6+ 74. Ka7 1-0

[Event "Benidorm op-A"]
[Site "Benidorm"]
[Date "2023.11.03"]
[Round "7"]
[White "Krishnan, Ritvik"]
[Black "Mingarro Carceller, Sergi"]
[Result "1-0"]
[WhiteElo "2176"]
[BlackElo "2253"]
[PlyCount "95"]
[EventDate "2023.10.29"]
[EventType "swiss"]
[EventRounds "9"]
[EventCountry "ESP"]
[SourceTitle "Mega2024 Update 01"]
[Source "Chessbase"]
[SourceDate "2023.11.12"]
[SourceVersion "1"]
[SourceVersionDate "2023.11.12"]
[SourceQuality "1"]

1. e4 c5 2. Nf3 Nc6 3. d4 cxd4 4. Nxd4 e5 5. Nb5 d6 6. N1c3 a6 7. Na3 Be6 8. Nc4 Rb8 9. Nd5 Bxd5 10. exd5 Nce7 11. a4 Nf6 12. g4 h6 13. h4 Rc8 14. Bd2 Nfxd5 15. Rh3 Ng6 16. Rb3 Rc5 17. Qf3 Be7 18. Rxb7 Nxh4 19. Qd3 0-0 20. 0-0-0 Qc8 21. Ra7 Qc6 22. Qb3 Bg5 23. Bxg5 hxg5 24. Kb1 e4 25. Ne5 dxe5 26. Rxa6 Nc3+ 27. bxc3 Qc7 28. Qb4 Rxc3 29. Qxe4 Rb8+ 30. Bb5 Rc4 31. Qd3 Rd4 32. Qe2 Rb4+ 33. Ka2 Nf3 34. c4 Nd4 35. Qd3 Rb3 36. Qxb3 Nxb3 37. Kxb3 Qb7 38. Rd5 Kh7 39. Rad6 Qa7 40. c5 Qa5 41. c6 Qe1 42. Rd1 Qe4 43. c7 Qf3+ 44. R1d3 Rxb5+ 45. axb5 Qxg4 46. Rc3 Qc8 47. Rd8 Qe6+ 48. Kb2 1-0

[Event "Benidorm op-A"]
[Site "Benidorm"]
[Date "2023.11.02"]
[Round "6"]
[White "Mingarro Carceller, Sergi"]
[Black "Torres Rebolledo, Victor"]
[Result "1-0"]
[WhiteElo "2253"]
[BlackElo "2164"]
[PlyCount "71"]
[EventDate "2023.10.29"]
[EventType "swiss"]
[EventRounds "9"]
[EventCountry "ESP"]
[SourceTitle "Mega2024 Update 01"]
[Source "Chessbase"]
[SourceDate "2023.11.12"]
[SourceVersion "1"]
[SourceVersionDate "2023.11.12"]
[SourceQuality "1"]

1. e4 c6 2. d4 d5 3. e5 Bf5 4. Bd3 Bxd3 5. Qxd3 Qa5+ 6. c3 e6 7. Ne2 c5 8. 0-0 Qa6 9. Qd1 Nc6 10. a4 cxd4 11. Nxd4 Nxd4 12. cxd4 Bb4 13. Nc3 Ne7 14. Na2 Nc6 15. Nxb4 Nxb4 16. Qg4 g6 17. Bg5 h5 18. Qf3 f5 19. exf6 Kf7 20. Rfc1 Rac8 21. Qa3 Qd6 22. a5 Rc6 23. Rxc6 bxc6 24. g3 Rd8 25. Bf4 Qf8 26. Rc1 Rc8 27. a6 Kxf6 28. Rc5 Rb8 29. Bd2 Nxa6 30. Qxa6 Rxb2 31. Bf4 g5 32. Bc1 Rb1 33. Rxc6 Qb4 34. Rxe6+ Kf5 35. Re5+ Kg4 36. Qe6+ 1-0

[Event "Benidorm op-A"]
[Site "Benidorm"]
[Date "2023.11.01"]
[Round "4"]
[White "Mingarro Carceller, Sergi"]
[Black "Atienza Alvarez, Javier"]
[Result "1/2-1/2"]
[WhiteElo "2253"]
[BlackElo "2082"]
[PlyCount "67"]
[EventDate "2023.10.29"]
[EventType "swiss"]
[EventRounds "9"]
[EventCountry "ESP"]
[SourceTitle "Mega2024 Update 01"]
[Source "Chessbase"]
[SourceDate "2023.11.12"]
[SourceVersion "1"]
[SourceVersionDate "2023.11.12"]
[SourceQuality "1"]

1. e4 e6 2. d4 d5 3. e5 c5 4. c3 Nc6 5. Nf3 Bd7 6. Be2 Nge7 7. 0-0 Nf5 8. dxc5 Bxc5 9. Bd3 Nh4 10. Nbd2 Ng6 11. Nb3 Be7 12. Re1 0-0 13. Nbd4 Nxd4 14. cxd4 Qb6 15. a4 a5 16. h4 Nxh4 17. Nxh4 Bxh4 18. Qh5 Bxf2+ 19. Kxf2 Qxd4+ 20. Ke2 g6 21. Qg5 f6 22. exf6 Rxf6 23. Qe3 Qg4+ 24. Kd2 Rc8 25. Qb6 Qxg2+ 26. Re2 Qg5+ 27. Qe3 Qg4 28. Qb6 Qg5+ 29. Qe3 Qg4 30. Qb6 Qf4+ 31. Kd1 Qf1+ 32. Kd2 Qf4+ 33. Kd1 Qf1+ 34. Kd2 1/2-1/2

[Event "La Nucia op 3rd"]
[Site "La Nucia"]
[Date "2022.10.15"]
[Round "8"]
[White "Mingarro Carceller, Sergi"]
[Black "Vasquez Schroder, Rodrigo Rafael"]
[Result "0-1"]
[WhiteElo "2339"]
[BlackElo "2520"]
[PlyCount "84"]
[EventDate "2022.10.09"]
[EventType "swiss"]
[EventRounds "9"]
[EventCountry "ESP"]
[SourceTitle "CBM 210 Extra"]
[Source "ChessBase"]
[SourceDate "2022.11.30"]
[SourceVersion "1"]
[SourceVersionDate "2022.11.30"]
[SourceQuality "1"]

1. e4 c6 2. d4 d5 3. e5 Bf5 4. h4 h5 5. Bd3 Bxd3 6. Qxd3 Qa5+ 7. Nd2 e6 8. Ngf3 Qa6 9. c4 Nh6 10. 0-0 Be7 11. b3 Nf5 12. a4 Qa5 13. g3 Qd8 14. a5 Na6 15. Ba3 Bxa3 16. Rxa3 0-0 17. Rd1 Qe7 18. Raa1 Rfd8 19. Nf1 Nb4 20. Qe2 c5 21. cxd5 Nxd5 22. Ng5 g6 23. dxc5 Qxc5 24. Ne4 Qc7 25. Rxd5 exd5 26. Nf6+ Kg7 27. Rd1 Rac8 28. Rd3 d4 29. Nd2 Qc2 30. Qe4 Rc3 31. Nxh5+ Kf8 32. Nf4 Rxd3 33. Qxd3 Qd1+ 34. Kg2 Rc8 35. e6 Rc1 36. Kh3 Nh6 37. e7+ Kxe7 38. Qe4+ Kf8 39. Nxg6+ fxg6 40. Qf4+ Nf7 41. Ne4 Qxb3 42. Ng5 Rc6 0-1

[Event "Titled Tuesday intern op 05th Jul Late"]
[Site "Chess.com INT"]
[Date "2022.07.05"]
[Round "1"]
[White "Mingarro Carceller, Sergi"]
[Black "Korchmar, Vasiliy"]
[Result "1-0"]
[WhiteElo "2339"]
[BlackElo "2450"]
[PlyCount "51"]
[EventDate "2022.07.05"]
[EventType "swiss (blitz)"]
[EventRounds "11"]
[EventCountry "USA"]
[SourceTitle "CBM 209 Extra"]
[Source "ChessBase"]
[SourceDate "2022.09.30"]
[SourceVersion "1"]
[SourceVersionDate "2022.09.30"]
[SourceQuality "1"]

1. e4 c5 2. Nc3 d6 3. d4 cxd4 4. Qxd4 Nc6 5. Qd2 g6 6. b3 Bh6 7. f4 Nf6 8. Bb2 0-0 9. 0-0-0 a5 10. a4 Nb4 11. Nf3 Qb6 12. Kb1 Bg4 13. Be2 Rfc8 14. Ng5 Bxg5 15. fxg5 Rxc3 16. Qxc3 Bxe2 17. gxf6 e6 18. Rd2 Ba6 19. Qh3 Kh8 20. Rhd1 d5 21. exd5 exd5 22. Re1 Rg8 23. Re7 Qg1+ 24. Bc1 h5 25. Rxf7 d4 26. Qd7 1-0

[Event "Lorca op 10th"]
[Site "Lorca"]
[Date "2021.12.29"]
[Round "7"]
[White "Martins, David Pires Tavares"]
[Black "Mingarro Carceller, Sergi"]
[Result "1/2-1/2"]
[WhiteElo "2414"]
[BlackElo "2309"]
[PlyCount "60"]
[EventDate "2021.12.26"]
[EventType "swiss"]
[EventRounds "9"]
[EventCountry "ESP"]
[SourceTitle "CBM 205 Extra"]
[Source "ChessBase"]
[SourceDate "2022.01.31"]
[SourceVersion "1"]
[SourceVersionDate "2022.01.31"]
[SourceQuality "1"]

1. Nf3 f5 2. d3 Nc6 3. e4 e5 4. exf5 d5 5. Nc3 Bxf5 6. d4 exd4 7. Nxd4 Nxd4 8. Qxd4 Nf6 9. Bg5 Bxc2 10. Rc1 Bg6 11. Qe5+ Be7 12. Bxf6 gxf6 13. Qxd5 c6 14. Qe6 Qd6 15. Bc4 Qxe6+ 16. Bxe6 Bd3 17. Kd2 Rd8 18. Ke3 Kf8 19. Rhd1 Bc5+ 20. Kf3 Rd4 21. Ne2 Be4+ 22. Kf4 Rxd1 23. Rxd1 Ke7 24. Bg4 Bd5 25. Nc3 Bd6+ 26. Ke3 Bc5+ 27. Ke2 Bc4+ 28. Kf3 Rd8 29. Rxd8 Kxd8 30. Bf5 h6 1/2-1/2

[Event "Lorca op 10th"]
[Site "Lorca"]
[Date "2021.12.28"]
[Round "5"]
[White "Molina, Roberto Junio Brito"]
[Black "Mingarro Carceller, Sergi"]
[Result "0-1"]
[WhiteElo "2420"]
[BlackElo "2309"]
[PlyCount "76"]
[EventDate "2021.12.26"]
[EventType "swiss"]
[EventRounds "9"]
[EventCountry "ESP"]
[SourceTitle "CBM 205 Extra"]
[Source "ChessBase"]
[SourceDate "2022.01.31"]
[SourceVersion "1"]
[SourceVersionDate "2022.01.31"]
[SourceQuality "1"]

1. d4 f5 2. g3 Nf6 3. Bg2 e6 4. Nf3 d5 5. c4 c6 6. 0-0 Bd6 7. b3 Qe7 8. Bb2 0-0 9. Qc1 b5 10. Ne5 bxc4 11. bxc4 Ba6 12. Ba3 Nfd7 13. f4 Nxe5 14. fxe5 Bxa3 15. Qxa3 Qg5 16. cxd5 cxd5 17. Rf2 Rc8 18. e3 Rc6 19. Nd2 Nd7 20. Nf3 Qd8 21. h4 Rac8 22. Ng5 Bc4 23. Rc1 Ra6 24. Qb4 Rb8 25. Qc3 h6 26. Nh3 Qe7 27. Nf4 Nf8 28. Rcc2 Rb1+ 29. Kh2 Ra3 30. Qd2 Ra1 31. Bf3 R1xa2 32. Qe1 Rxc2 33. Rxc2 Qb7 34. Ng2 Qb3 35. Qc1 Ra2 36. Rxa2 Qxa2 37. g4 Qf2 38. Qd1 Ng6 0-1

[Event "Lorca op 10th"]
[Site "Lorca"]
[Date "2021.12.27"]
[Round "3"]
[White "Karthik, Venkataraman"]
[Black "Mingarro Carceller, Sergi"]
[Result "1-0"]
[WhiteElo "2506"]
[BlackElo "2309"]
[PlyCount "45"]
[EventDate "2021.12.26"]
[EventType "swiss"]
[EventRounds "9"]
[EventCountry "ESP"]
[SourceTitle "CBM 205 Extra"]
[Source "ChessBase"]
[SourceDate "2022.01.31"]
[SourceVersion "1"]
[SourceVersionDate "2022.01.31"]
[SourceQuality "1"]

1. e4 c5 2. Nc3 d6 3. f4 g6 4. Nf3 Bg7 5. Bb5+ Bd7 6. Bc4 Nc6 7. d3 e6 8. f5 Nf6 9. fxg6 fxg6 10. Bf4 d5 11. exd5 exd5 12. Nxd5 Nxd5 13. Bxd5 Qe7+ 14. Kf2 0-0-0 15. Re1 Qf8 16. Qd2 Bxb2 17. Rab1 Qg7 18. Re4 Rhf8 19. Bh6 Bd4+ 20. Ke2 Qf6 21. Bxf8 Rxf8 22. Qh6 Nb4 23. Rxb4 1-0

[Event "Benidorm op-A"]
[Site "Benidorm"]
[Date "2021.12.07"]
[Round "4"]
[White "Mingarro Carceller, Sergi"]
[Black "Mannion, Stephen R"]
[Result "1/2-1/2"]
[WhiteElo "2309"]
[BlackElo "2267"]
[PlyCount "206"]
[EventDate "2021.12.04"]
[EventType "swiss"]
[EventRounds "9"]
[EventCountry "ESP"]
[SourceTitle "CBM 205 Extra"]
[Source "ChessBase"]
[SourceDate "2022.01.31"]
[SourceVersion "1"]
[SourceVersionDate "2022.01.31"]
[SourceQuality "1"]

1. e4 e5 2. Nf3 Nc6 3. Bc4 Bc5 4. c3 Nf6 5. d4 exd4 6. e5 d5 7. Bb5 Ne4 8. cxd4 Bb6 9. Nc3 Bg4 10. Be3 0-0 11. h3 Bh5 12. Qc2 Bg6 13. Qb3 Ne7 14. 0-0 c6 15. Bd3 Nd2 16. Nxd2 Bxd3 17. Rfe1 Bg6 18. Na4 Nf5 19. Nf3 Nxe3 20. Rxe3 Re8 21. Nxb6 axb6 22. Qc3 b5 23. Nd2 Qe7 24. b4 Ra4 25. a3 Rea8 26. Kh2 h5 27. f4 Bf5 28. Rg3 g6 29. Nf1 h4 30. Re3 Kg7 31. Nd2 Rh8 32. Nb3 Raa8 33. Nc5 Rac8 34. Rae1 Qc7 35. Kh1 Rce8 36. Qd2 Re7 37. Rc3 Rhe8 38. Qf2 Rh8 39. Rec1 Ree8 40. Nb3 Qe7 41. Nd2 Rh5 42. Kh2 Ra8 43. Nf1 Be4 44. Ne3 f5 45. exf6+ Qxf6 46. Ng4 Qf5 47. Rf1 Rf8 48. Ne5 g5 49. g4 hxg3+ 50. Rxg3 Rfh8 51. Qe3 Kf8 52. Rf2 Ke8 53. Ng4 Kd8 54. fxg5 Qxg5 55. Qxg5+ Rxg5 56. Rf7 Rh7 57. Ne5 Rxg3 58. Kxg3 Rxf7 59. Nxf7+ Ke7 60. Ng5 Bf5 61. Kf4 Kf6 62. h4 Bg6 63. Nf3 Bh5 64. Ne5 Be2 65. Nd7+ Ke7 66. Ne5 Kf6 67. Ng4+ Kg6 68. Ne3 Kf6 69. Nf5 b6 70. Ne3 Ke6 71. Nf5 Bd3 72. Ng3 c5 73. bxc5 bxc5 74. dxc5 d4 75. c6 Kd6 76. c7 Kxc7 77. Ke5 Kb6 78. Kxd4 Bg6 79. Ne2 Ka5 80. Nc3 b4 81. axb4+ Kxb4 82. Nd5+ Kb5 83. Ke5 Kc5 84. Kf6 Bh5 85. Ke5 Bf3 86. Ne7 Bd1 87. Nf5 Be2 88. Ne3 Kc6 89. Ke6 Bf3 90. Nc2 Bd1 91. Nd4+ Kc7 92. Ke7 Bg4 93. Ne6+ Kc6 94. Nf4 Bd1 95. Nd3 Kc7 96. Nf2 Be2 97. Ne4 Kc6 98. Kf6 Bf3 99. Nf2 Kd7 100. Nh3 Ke8 101. Ng5 Bd1 102. Ne6 Be2 103. h5 Bxh5 1/2-1/2

[Event "Benidorm op-A"]
[Site "Benidorm"]
[Date "2021.12.06"]
[Round "3"]
[White "Kabhilan, S."]
[Black "Mingarro Carceller, Sergi"]
[Result "0-1"]
[WhiteElo "1968"]
[BlackElo "2309"]
[PlyCount "118"]
[EventDate "2021.12.04"]
[EventType "swiss"]
[EventRounds "9"]
[EventCountry "ESP"]
[SourceTitle "CBM 205 Extra"]
[Source "ChessBase"]
[SourceDate "2022.01.31"]
[SourceVersion "1"]
[SourceVersionDate "2022.01.31"]
[SourceQuality "1"]

1. e4 c5 2. Nf3 d6 3. d4 cxd4 4. Nxd4 Nf6 5. Nc3 a6 6. Bg5 Nbd7 7. f4 Qc7 8. Qf3 h6 9. Bxf6 Nxf6 10. Be2 e5 11. fxe5 dxe5 12. Nf5 Bxf5 13. Qxf5 Ba3 14. Nd1 Bxb2 15. Nxb2 Qc3+ 16. Kf2 Qxb2 17. Rab1 Qd4+ 18. Kf3 Qc3+ 19. Bd3 Qc7 20. a4 0-0 21. g4 Nh7 22. Ke2 Ng5 23. Qf2 Ne6 24. Qb6 Qd7 25. Rhg1 Nf4+ 26. Kd2 Rfd8 27. Rg3 Rac8 28. Qxb7 Qxa4 29. Rb3 Qa1 30. Qa7 Qa2 31. Ke3 Rxc2 32. Rb8 Rcc8 33. Rxc8 Rxc8 34. Qxa6 Qxa6 35. Bxa6 Rc3+ 36. Kd2 Rxg3 37. hxg3 Ne6 38. Bc8 Nd4 39. Kd3 Kf8 40. Ba6 Ke7 41. Ke3 Kd6 42. Bc8 Kc5 43. Bd7 Kc4 44. Be8 f6 45. Bd7 Kc3 46. Be8 Nc2+ 47. Kf3 Kd4 48. Bg6 Ne3 49. Bh7 Nc4 50. Ke2 Nd6 51. Kf3 Nf7 52. Bf5 Ng5+ 53. Ke2 Nxe4 54. Kf3 Nc3 55. Bc2 e4+ 56. Kf2 g5 57. Ke1 Ke3 58. Bb3 Ne2 59. Be6 Nxg3 0-1

[Event "Titled Tuesday intern op 23rd Feb"]
[Site "Chess.com INT"]
[Date "2021.02.23"]
[Round "5"]
[White "Lewtak, Damian"]
[Black "Mingarro Carceller, Sergi"]
[Result "1-0"]
[WhiteElo "2380"]
[BlackElo "2361"]
[PlyCount "63"]
[EventDate "2021.02.23"]
[EventType "swiss (blitz)"]
[EventRounds "11"]
[EventCountry "USA"]
[SourceTitle "CBM 200 Extra"]
[Source "ChessBase"]
[SourceDate "2021.03.31"]
[SourceVersion "1"]
[SourceVersionDate "2021.03.31"]
[SourceQuality "1"]

1. d4 Nf6 2. Bf4 d5 3. e3 e6 4. c3 Bd6 5. Nf3 Bxf4 6. exf4 0-0 7. Nbd2 c5 8. Bd3 b6 9. Qe2 a5 10. 0-0 Ba6 11. Rfe1 Bxd3 12. Qxd3 Nc6 13. h4 Ne8 14. Ng5 g6 15. Ndf3 Nd6 16. Ne5 Rc8 17. h5 Qf6 18. hxg6 hxg6 19. Qh3 Qg7 20. Nxe6 fxe6 21. Qxe6+ Kh7 22. Qxd6 Nxe5 23. fxe5 cxd4 24. cxd4 Rc2 25. Rf1 Re2 26. Qxd5 Qh6 27. e6 Qf4 28. Qd7+ Kh6 29. e7 Rf5 30. e8Q Rxf2 31. Qh8+ Kg5 32. Qe7+ 1-0

[Event "Titled Tuesday intern op 22nd Dec"]
[Site "Chess.com INT"]
[Date "2020.12.22"]
[Round "6"]
[White "Wang, Michael Lei"]
[Black "Mingarro Carceller, Sergi"]
[Result "1-0"]
[WhiteElo "1860"]
[BlackElo "2361"]
[PlyCount "57"]
[EventDate "2020.12.22"]
[EventType "swiss (blitz)"]
[EventRounds "11"]
[EventCountry "USA"]
[SourceTitle "CBM 199 Extra"]
[Source "ChessBase"]
[SourceDate "2021.01.31"]
[SourceVersion "1"]
[SourceVersionDate "2021.01.31"]
[SourceQuality "1"]

1. d4 f5 2. Nc3 Nf6 3. Bg5 d5 4. Bxf6 exf6 5. e3 Be6 6. Bd3 Nc6 7. Nge2 Qd7 8. a3 0-0-0 9. b4 Kb8 10. Qd2 Ne7 11. 0-0 Nc8 12. Rfb1 Nd6 13. a4 g5 14. b5 Ne4 15. Qe1 h5 16. a5 h4 17. b6 cxb6 18. axb6 axb6 19. Rxb6 Bd6 20. Rab1 Rh7 21. Nxe4 fxe4 22. Ba6 Qc8 23. Bxb7 Rxb7 24. Rxb7+ Qxb7 25. Rxb7+ Kxb7 26. f4 exf3 27. gxf3 Rc8 28. e4 Rxc2 29. Qb1+ 1-0

[Event "Titled Tuesday intern op 25th Aug"]
[Site "Chess.com INT"]
[Date "2020.08.25"]
[Round "7"]
[White "Mingarro Carceller, Sergi"]
[Black "Amorim, Daniel Madson De Me"]
[Result "1-0"]
[WhiteElo "2361"]
[BlackElo "2143"]
[PlyCount "151"]
[EventDate "2020.08.25"]
[EventType "swiss (blitz)"]
[EventRounds "10"]
[EventCountry "USA"]
[SourceTitle "CBM 198 Extra"]
[Source "ChessBase"]
[SourceDate "2020.11.30"]
[SourceVersion "1"]
[SourceVersionDate "2020.11.30"]
[SourceQuality "1"]

1. e4 e6 2. d4 d5 3. Nd2 Nf6 4. e5 Ne4 5. Nxe4 dxe4 6. Bc4 a6 7. c3 b5 8. Bb3 Bb7 9. Be3 Be7 10. Ne2 0-0 11. 0-0 Bd5 12. Ng3 f5 13. exf6 gxf6 14. Bxd5 Qxd5 15. Qg4+ Kh8 16. Qxe4 Qxe4 17. Nxe4 Nd7 18. Rfe1 Kg8 19. Bf4 Rac8 20. Nd2 Kf7 21. Re3 Bd6 22. Bg3 Bxg3 23. Rxg3 c5 24. Ne4 Rc6 25. Rd1 c4 26. d5 exd5 27. Rxd5 Ne5 28. f4 Nd3 29. Rd7+ Ke6 30. Rxh7 Kf5 31. Nf2 Nxf4 32. Rf3 Re8 33. h3 Kg6 34. Rd7 Re1+ 35. Kh2 Ne6 36. Ng4 f5 37. Ne3 Ng5 38. Rg3 f4 39. Rxg5+ Kxg5 40. Nc2 Rb1 41. Nd4 Rf6 42. Nf3+ Kg6 43. Rd2 Ra1 44. a3 Re6 45. h4 Re3 46. Kh3 Rh1+ 47. Kg4 Rd3 48. Re2 Re3 49. Rd2 Rd3 50. Ne5+ Kf6 51. Nxd3 cxd3 52. Rxd3 Rg1 53. Rd2 Ke5 54. h5 Rh1 55. Re2+ Kd5 56. Kg5 Rh2 57. Rf2 Ke4 58. h6 Ke3 59. Rf3+ Ke4 60. Rh3 Rxg2+ 61. Kf6 Rg8 62. Kf7 Rh8 63. Kg7 Rc8 64. h7 f3 65. h8Q Rxh8 66. Rxh8 f2 67. Rh1 Kd3 68. Kf6 Kc2 69. Rf1 Kxb2 70. Rxf2+ Kxc3 71. Ke5 Kb3 72. Rf3+ Kb2 73. Kd4 a5 74. Kc5 b4 75. axb4 axb4 76. Kxb4 1-0